ნორმალური ფორმატი
MARC ფორმატი
ჩანაწერი Personal Name
ჩანაწერთა რაოდენობა, რომელიც გამოყენებულია: 1
001 - CONTROL NUMBER
- control field: 8757
003 - CONTROL NUMBER IDENTIFIER
- control field: GE_BSU
005 - DATE AND TIME OF LATEST TRANSACTION
- control field: 20200625120707.0
008 - FIXED-LENGTH DATA ELEMENTS
- fixed length control field: 200625|| aca||aabn | a|a d
040 ## - CATALOGING SOURCE
- Original cataloging agency: GE_BSU
- Transcribing agency: GE_BSU
100 ## - HEADING--PERSONAL NAME
- Personal name: Connor, J. M.
- Fuller form of name: (James Michael),
- Dates associated with a name: 1951-
- Title of a work: Essential medical genetics.
670 ## - SOURCE DATA FOUND
- Source citation: Work cat.: (GE_BSU)0: Tobias, Edward. 8752, Essential medical genetics /, 2011.
